Модифицированные нефтеполимерные смолы в образовании и стабилизации водомасляных эмульсий; Известия Томского политехнического университета [Известия ТПУ]; Т. 316, № 3: Химия

Bibliographic Details
Parent link:Известия Томского политехнического университета [Известия ТПУ]/ Томский политехнический университет (ТПУ).— , 2000-
Т. 316, № 3: Химия.— 2010.— [С. 86-90]
Main Author: Троян А. А. Анна Алексеевна
Other Authors: Бондалетов В. Г. Владимир Григорьевич, Дмитриева З. Т.
Summary:Заглавие с титульного листа
Электронная версия печатной публикации
Исследованы динамическая вязкость, структурно-механические свойства и вязкотекучая стабильность водомасляных эмульсий на основе отработанных моторных масел в присутствии небольших добавок модифицированных нефтеполимерных смол. Озонированные и малеинизированные ароматические и циклоалифатические нефтеполимерные смолы воздействуют на межфазную структуру эмульсий как буферы.
Language:Russian
Published: 2010
Series:Химия
Subjects:
Online Access:http://www.lib.tpu.ru/fulltext/v/Bulletin_TPU/2010/v316/i3/18.pdf
Format: Electronic Book Chapter
KOHA link:https://koha.lib.tpu.ru/cgi-bin/koha/opac-detail.pl?biblionumber=182897

MARC

LEADER 00000nla2a2200000 4500
001 182897
005 20240201134554.0
035 |a (RuTPU)RU\TPU\book\198266 
035 |a RU\TPU\book\198255 
090 |a 182897 
100 |a 20100628d2010 k y0rusy50 ca 
101 0 |a rus 
102 |a RU 
135 |a drnn ---uucaa 
181 0 |a i  
182 0 |a b 
200 1 |a Модифицированные нефтеполимерные смолы в образовании и стабилизации водомасляных эмульсий  |f А. А. Троян, В. Г. Бондалетов, З. Т. Дмитриева 
203 |a Текст  |c электронный 
215 |a 1 файл (601 Кб) 
225 1 |a Химия 
300 |a Заглавие с титульного листа 
300 |a Электронная версия печатной публикации 
320 |a [Библиогр.: с. 90 (10 назв.)] 
330 |a Исследованы динамическая вязкость, структурно-механические свойства и вязкотекучая стабильность водомасляных эмульсий на основе отработанных моторных масел в присутствии небольших добавок модифицированных нефтеполимерных смол. Озонированные и малеинизированные ароматические и циклоалифатические нефтеполимерные смолы воздействуют на межфазную структуру эмульсий как буферы. 
337 |a Adobe Reader 
461 1 |0 (RuTPU)RU\TPU\book\176237  |t Известия Томского политехнического университета [Известия ТПУ]  |f Томский политехнический университет (ТПУ)  |d 2000- 
463 1 |0 (RuTPU)RU\TPU\book\198166  |x 1684-8519  |t Т. 316, № 3: Химия  |v [С. 86-90]  |d 2010  |p 118 с. 
610 1 |a нефтеполимерные смолы 
610 1 |a озонирование 
610 1 |a малеинизация 
610 1 |a использованное масло 
610 1 |a водомасляные эмульсии 
610 1 |a динамическая вязкость 
610 1 |a напряжение сдвига 
610 1 |a труды учёных ТПУ 
610 1 |a электронный ресурс 
700 1 |a Троян  |b А. А.  |c химик-органик  |c доцент Томского политехнического университета, кандидат химических наук  |f 1978-  |g Анна Алексеевна  |3 (RuTPU)RU\TPU\pers\25648  |9 11559 
701 1 |a Бондалетов  |b В. Г.  |c химик-технолог  |c профессор Томского политехнического университета, доктор технических наук  |f 1957-  |g Владимир Григорьевич  |3 (RuTPU)RU\TPU\pers\25605  |9 11534 
701 1 |a Дмитриева  |b З. Т. 
801 1 |a RU  |b 63413507  |c 20090623  |g PSBO 
801 2 |a RU  |b 63413507  |c 20211222  |g PSBO 
856 4 |u http://www.lib.tpu.ru/fulltext/v/Bulletin_TPU/2010/v316/i3/18.pdf 
942 |c CF